000 00720nam a22002172 4500
001 0000008790
005 20151217152041.0
008 080604s xx 000 0 eng d
020 _a0812992040 :
_cKES 1490
040 _aKABU
_cKABU
100 1 _aBoutros-Ghali, Boutros.
_@0000159528
245 1 0 _aUnvanquished :
_ba U. S. - U. N. saga /
_c Boutros Boutros-Ghali.
260 _aNew York :
_bRandom House,
_c1999.
300 _axi, 352 p.
650 0 _aUnited Nations
_xUnited States.
_@0000159529
650 0 _aUnited Nations. Secretary General.
_@0000159530
908 _a080604
950 _@1
999 _c7726
_d7726